A-Z steps to Leadership : (Record no. 186953)
[ view plain ]
| 000 -LEADER | |
|---|---|
| fixed length control field | 00984 a2200169 4500 |
| 003 - CONTROL NUMBER IDENTIFIER | |
| control field | Nust |
| 005 - DATE AND TIME OF LATEST TRANSACTION | |
| control field | 20230503074455.0 |
| 040 ## - CATALOGING SOURCE | |
| Transcribing agency | Nust |
| 082 ## - DEWEY DECIMAL CLASSIFICATION NUMBER | |
| Classification number | 927.12,STE |
| 100 ## - MAIN ENTRY--PERSONAL NAME | |
| Personal name | Barrie,Abdul Ghani Ahmed |
| 9 (RLIN) | 112047 |
| 245 ## - TITLE STATEMENT | |
| Title | A-Z steps to Leadership : |
| Remainder of title | from the Quran and words of the Prophet Muhammad / |
| Statement of responsibility, etc. | Abdul Ghani Ahmed Barrie |
| 260 ## - PUBLICATION, DISTRIBUTION, ETC. | |
| Place of publication, distribution, etc. | India |
| Name of publisher, distributor, etc. | Goodword Books |
| Date of publication, distribution, etc. | 1997 |
| 300 ## - PHYSICAL DESCRIPTION | |
| Extent | 58 |
| 505 ## - FORMATTED CONTENTS NOTE | |
| Formatted contents note | Ability (Page-9),Bravery (Page-11), Calmness (Page-13), Dependability(Page-15),Exemplariness (Page-17),Fairness (Page-20), Genuineness (Page-22), Honesty (Page-24), Initiative (Page-26),Judgment (Page-28),Knowledge(Page-30), Liberalism (Page-33),Modesty (Page-35), Nobility (Page-37), Organization (Page-39),Personality (Page-42), Quality (Page-43), Responsibility (Page-44), Sacrifice (Page-46),Teamwork (Page-48), Understanding (Page-50),Versatility (Page-52),Wisdom (Page-54),Youth (Page-56), Zeal(Page-58). |
| 650 ## - SUBJECT ADDED ENTRY--TOPICAL TERM | |
| Topical term or geographic name entry element | A-Z steps to leadership |
| 9 (RLIN) | 112048 |
| 942 ## - ADDED ENTRY ELEMENTS (KOHA) | |
| Source of classification or shelving scheme | |
| Koha item type | Book |
| Withdrawn status | Lost status | Source of classification or shelving scheme | Damaged status | Not for loan | Permanent Location | Current Location | Shelving location | Date acquired | Full call number | Barcode | Date last seen | Price effective from | Koha item type | Public note |
|---|---|---|---|---|---|---|---|---|---|---|---|---|---|---|
| Military College of Signals (MCS) | Military College of Signals (MCS) | General Stacks | 12/12/2016 | 927.12,STE | MCS27745 | 12/08/2016 | 12/12/2016 | Book | Almirah No.59, Shelf No.6 |
